Top 10 popularité personnages Hunter x Hunter - Statistiques

Statistiques générales
  • Ce quiz a été pris 3 222 fois
  • Le résultat moyen est 8 sur 10
Statistiques - réponses
Place Votes Personnages % Correct
3 19 502 Gon Freecss
100%
1 67 947 Kirua Zoldick
99%
4 15 234 Kurapika
91%
2 30 594 Hisoka Morow
89%
7 5 121 Leolio Paradinaito
89%
5 11 363 Meruem
76%
8 3 221 Isaac Netero
66%
6 6 019 Kuroro Lucifer
62%
9 3 102 Neferupito
52%
10 2 485 Feitan Portor
44%
Aucun quiz correspondant
Distribution des résultats
% des personnes avec chaque résultat
Percentile par nombre de réponses
Votre historique - résultats
Vous n’avez pas pris ce quiz